| 000 | 00748nam a22001337a 4500 | ||
|---|---|---|---|
| 040 | _cRUA | ||
| 082 | _aAED CHE 2018 B650 Or.1 | ||
| 100 | _aCHET TOLA ចែត្រ តុលា | ||
| 245 | _athe study on saving group in svay sor aphiwath agricultural cooperative in sna ansa commune krakor district, pursat provinceការសិក្សារពីក្រុមសន្សំប្រាក់ក្នុងសហគមន៍កសិកម្ម ស្វាយ ស អភិវឌ្ឍន៍នៅក្នុងឃុំស្មាអន្សា ស្រុកក្រគរ ខេត្តពោធ៏សាត់ | ||
| 260 |
_aRUA _bPhnom penh _c2018 |
||
| 300 |
_aix;37p _bill; _c29cm |
||
| 856 | _u CHET TOLA | ||
| 942 | _cAED | ||
| 999 |
_c18352 _d18352 |
||